000
00237nam a2200085Ia 4500
245
0
_a
The African animals pop idols show
100
_a
CHAIT, Irma Cape Town, 2009
_9
91013
942
_c
BK
008
210817s9999 xx 000 0 und d
999
_c
366582
_d
366581